000 00672nam a2200253Ia 4500
005 20260121153802.0
008 008 260114s9999 xx 000 0 eng d
020 _a9780429457326
037 _aEBOOK
040 _aCRL
040 _beng
040 _cCRL
041 _2eng
041 _aeng
084 _qCRL
100 _aG.H. Peters; Joachim von Braun
_9999092
245 0 _aFood Security, Diversification and Resource Management: Refocusing the Role of Agriculture?
260 _bTaylor and Francis
260 _c1999
856 _uhttp://www.taylorfrancis.com/books/9780429457326
942 _cEBOOK
999 _c1565913
_d1565913